Normal view
MARC view
- الغرايبة، خليف مصطفى
Entry Personal Name
001 - CONTROL NUMBER
- control field: 62269
003 - CONTROL NUMBER IDENTIFIER
- control field: JO-AjAnu
005 - DATE AND TIME OF LATEST TRANSACTION
- control field: 20230606084154.0
008 - FIXED-LENGTH DATA ELEMENTS
- fixed length control field: 230606|| aca||aabn | a|a d
040 ## - CATALOGING SOURCE
- Original cataloging agency: JO-AjAnu
- Transcribing agency: JO-AjAnu
100 ## - HEADING--PERSONAL NAME
- Personal name: الغرايبة، خليف مصطفى
670 ## - SOURCE DATA FOUND
- Source citation: Work cat.: (JO-AjAnu)31757: الغرايبة، خليف مصطفى , author, الجغرافيا التاريخية للمنطقة الغربية من جبل عجلون 1864-1946